<?xml version="1.0" encoding="UTF-8"?>
<collection xmlns="http://www.loc.gov/MARC21/slim">
 <record>
  <leader>     na                 </leader>
  <controlfield tag="001">INLIS000000000000343</controlfield>
  <controlfield tag="005">20250610022547</controlfield>
  <datafield tag="035" ind1=" " ind2=" ">
   <subfield code="a">0010-0625000041</subfield>
  </datafield>
  <controlfield tag="008">250610                j          1 ind  </controlfield>
  <datafield tag="245" ind1="1" ind2=" ">
   <subfield code="a">Fajar Harapan 1 /</subfield>
   <subfield code="c">Asrori Sholehuddin</subfield>
  </datafield>
  <datafield tag="100" ind1=" " ind2=" ">
   <subfield code="a">Asrori Sholehuddin</subfield>
  </datafield>
  <datafield tag="250" ind1=" " ind2=" ">
   <subfield code="a">Cetakan Pertama</subfield>
  </datafield>
  <datafield tag="260" ind1=" " ind2=" ">
   <subfield code="a">Semarang :</subfield>
   <subfield code="b">PT Sindur Press</subfield>
  </datafield>
  <datafield tag="300" ind1=" " ind2=" ">
   <subfield code="a">i.28 hlm ;</subfield>
   <subfield code="c">14,5x21 cm</subfield>
  </datafield>
  <datafield tag="020" ind1=" " ind2=" ">
   <subfield code="a">978-979-9107-55-8</subfield>
  </datafield>
  <datafield tag="082" ind1=" " ind2=" ">
   <subfield code="a">028.5</subfield>
  </datafield>
  <datafield tag="084" ind1=" " ind2=" ">
   <subfield code="a">028.5 ASR f</subfield>
  </datafield>
  <datafield tag="650" ind1=" " ind2="4">
   <subfield code="a">Fajar Harapan 1</subfield>
  </datafield>
  <datafield tag="990" ind1=" " ind2=" ">
   <subfield code="a">0626/2024</subfield>
  </datafield>
 </record>
</collection>
